[Event "Dumaguete City Olendo Cup"]
[Site "Dumaguete City"]
[Date "2022.10.30"]
[Round "8"]
[White "Alcala, Alvin"]
[Black "Flores, Reynaldo"]
[Result "1/2-1/2"]
[WhiteElo "2117"]
[BlackElo "1845"]
[PlyCount "37"]
[EventDate "2022.10.28"]
[EventType "tourn"]
[EventRounds "9"]
[EventCountry "PHI"]
[SourceTitle "EXT 2024"]
[Source "ChessBase"]
[SourceDate "2023.10.10"]
[SourceVersion "1"]
[SourceVersionDate "2023.10.10"]
[SourceQuality "1"]

1. d4 b6 2. Bf4 Nf6 3. e3 h6 4. h3 Bb7 5. Nf3 g6 6. Be2 Bg7 7. Bh2 d6 8. a4 a5 9. 0-0 0-0 10. Nbd2 Nbd7 11. c3 Ne4 12. Nxe4 Bxe4 13. Nd2 Bb7 14. e4 e5 15. dxe5 dxe5 16. Qc2 Qe7 17. Rfe1 Nc5 18. Bf1 Ne6 19. Nf3 1/2-1/2

[Event "Dumaguete City Olendo Cup"]
[Site "Dumaguete City"]
[Date "2022.10.28"]
[Round "2"]
[White "Alcala, Alvin"]
[Black "Narzabal, Joemel"]
[Result "1-0"]
[WhiteElo "2117"]
[BlackElo "1442"]
[PlyCount "79"]
[EventDate "2022.10.28"]
[EventType "tourn"]
[EventRounds "9"]
[EventCountry "PHI"]
[SourceTitle "EXT 2024"]
[Source "ChessBase"]
[SourceDate "2023.10.10"]
[SourceVersion "1"]
[SourceVersionDate "2023.10.10"]
[SourceQuality "1"]

1. d4 Nf6 2. Bf4 d5 3. e3 c5 4. Nc3 a6 5. dxc5 Nc6 6. a3 e5 7. Bg5 d4 8. Na4 Qa5+ 9. c3 dxc3 10. b4 Nxb4 11. axb4 Qxb4 12. Bxf6 gxf6 13. Qc2 Be6 14. Ne2 Rc8 15. Qxc3 Bxc5 16. Nxc5 Qxc5 17. Qxc5 Rxc5 18. Rc1 Ra5 19. Ng3 f5 20. Bd3 e4 21. Be2 Ke7 22. 0-0 Rd8 23. Rc7+ Rd7 24. Rfc1 b5 25. f3 Ra2 26. R7c5 Rdd2 27. Rc7+ Kf8 28. fxe4 fxe4 29. Bf1 Ra4 30. Ra7 Rda2 31. Nh5 Bg4 32. Nf6 Bf5 33. Rcc7 Bg6 34. Nxh7+ Kg7 35. Ng5 Kf6 36. Nxf7 Ra1 37. Rc6+ Kf5 38. g4+ Kxg4 39. Rxg6+ Kf3 40. Rg3# 1-0

[Event "FICGS W-ch st1 gN 02 email"]
[Site "FICGS email"]
[Date "2015.08.01"]
[Round "1"]
[White "Alcala, Alvin"]
[Black "Domanov, Dmitry"]
[Result "1/2-1/2"]
[WhiteElo "2103"]
[BlackElo "2294"]
[PlyCount "67"]
[EventDate "2015.??.??"]
[EventType "tourn (corr)"]
[EventRounds "6"]
[SourceTitle "Corr 2022"]
[Source "ChessBase"]
[SourceDate "2021.10.24"]
[SourceVersion "1"]
[SourceVersionDate "2021.10.24"]
[SourceQuality "1"]

1. d4 Nf6 2. c4 g6 3. f3 d5 4. cxd5 Nxd5 5. e4 Nb6 6. Be3 Bg7 7. Nc3 0-0 8. Qd2 Nc6 9. 0-0-0 f5 10. e5 Nb4 11. Nh3 c6 12. Nf4 g5 13. Nh5 f4 14. Bf2 Bh6 15. Be2 g4 16. fxg4 N6d5 17. Kb1 a5 18. h4 Be6 19. g5 Bg7 20. a3 Nxc3+ 21. bxc3 Qd5 22. c4 Qxg2 23. axb4 axb4 24. Bd3 Ra3 25. Nxf4 Rxf4 26. Qxf4 Rxd3 27. Kb2 Qf3 28. Qxf3 Rxf3 29. Rd2 c5 30. Kc1 Ra3 31. Re1 b5 32. cxb5 c4 33. b6 Ra1+ 34. Kc2 1/2-1/2

[Event "FICGS W-ch st1 gN 02 email"]
[Site "FICGS email"]
[Date "2015.08.01"]
[Round "1"]
[White "Alcala, Alvin"]
[Black "Gray, Garvin"]
[Result "1-0"]
[WhiteElo "2103"]
[BlackElo "2206"]
[PlyCount "97"]
[EventDate "2015.??.??"]
[EventType "tourn (corr)"]
[EventRounds "6"]
[SourceTitle "Corr 2022"]
[Source "ChessBase"]
[SourceDate "2021.10.24"]
[SourceVersion "1"]
[SourceVersionDate "2021.10.24"]
[SourceQuality "1"]

1. c4 e5 2. g3 f5 3. Bg2 Nf6 4. Nc3 Bb4 5. Nf3 Bxc3 6. bxc3 d6 7. 0-0 Nc6 8. d3 0-0 9. c5 d5 10. Qb3 h6 11. Bb2 Re8 12. c4 dxc4 13. Qxc4+ Be6 14. Qc2 Bd5 15. Rfe1 Qe7 16. Bh3 g6 17. e4 fxe4 18. dxe4 Be6 19. Bf1 Nd7 20. Bb5 Bh3 21. Re3 Kh7 22. Bxc6 bxc6 23. Ne1 Rab8 24. Nd3 Rb5 25. a4 Rbb8 26. Rae1 g5 27. f3 Be6 28. Nxe5 Nxe5 29. Bxe5 Rg8 30. Kh1 a5 31. Ba1 Rgf8 32. Rf1 Rb4 33. f4 Rc4 34. Rc3 Rd4 35. f5 Bf7 36. Re1 Rfd8 37. Rce3 Rc4 38. Qb2 Bh5 39. Kg1 Rcd4 40. Qxd4 Rxd4 41. Bxd4 Qf7 42. Bc3 Qf8 43. Rd3 Qxc5+ 44. Ree3 Qa3 45. Rd8 Qc1+ 46. Kf2 Qc2+ 47. Rd2 Qxa4 48. e5 Bg4 49. e6 1-0

[Event "FICGS W-ch st2 g02 email"]
[Site "FICGS email"]
[Date "2014.12.09"]
[Round "1"]
[White "Eldridge, Mark"]
[Black "Alcala, Alvin"]
[Result "1/2-1/2"]
[WhiteElo "2184"]
[BlackElo "2253"]
[PlyCount "56"]
[EventDate "2014.??.??"]
[EventType "tourn (corr)"]
[EventRounds "8"]
[SourceTitle "Corr 2022"]
[Source "ChessBase"]
[SourceDate "2021.10.24"]
[SourceVersion "1"]
[SourceVersionDate "2021.10.24"]
[SourceQuality "1"]

1. e4 c5 2. Nf3 d6 3. d4 cxd4 4. Nxd4 Nf6 5. Nc3 a6 6. f3 e5 7. Nb3 Be6 8. Be3 h5 9. Qd2 Nbd7 10. Nd5 Bxd5 11. exd5 g6 12. 0-0-0 Nb6 13. Kb1 Nbxd5 14. Bg5 Be7 15. g3 Nb6 16. Bxf6 Bxf6 17. Qxd6 h4 18. g4 Na4 19. Bc4 Qxd6 20. Rxd6 Be7 21. Rdd1 Nb6 22. Bd3 0-0-0 23. Rhe1 Bd6 24. h3 Rhf8 25. a3 Kb8 26. Na5 Bc7 27. Be4 Rxd1+ 28. Rxd1 f5 1/2-1/2

[Event "FICGS W-ch final email"]
[Site "FICGS email"]
[Date "2014.03.18"]
[Round "1"]
[White "Alcala, Alvin"]
[Black "Legrand, Stephane"]
[Result "1/2-1/2"]
[WhiteElo "2306"]
[BlackElo "2306"]
[PlyCount "33"]
[EventDate "2014.??.??"]
[EventType "tourn (corr)"]
[EventRounds "6"]
[EventCategory "5"]
[SourceTitle "Corr 2022"]
[Source "ChessBase"]
[SourceDate "2021.10.24"]
[SourceVersion "1"]
[SourceVersionDate "2021.10.24"]
[SourceQuality "1"]

1. d4 Nf6 2. Nf3 e6 3. g3 d5 4. Bg2 Be7 5. 0-0 0-0 6. c4 dxc4 7. Ne5 Nc6 8. Bxc6 bxc6 9. Nxc6 Qe8 10. Nxe7+ Qxe7 11. Qa4 e5 12. dxe5 Qxe5 13. Nc3 Ne4 14. Qxc4 Nxc3 15. bxc3 Be6 16. Qd3 Bf5 17. Bf4 1/2-1/2

[Event "FICGS W-ch st1 gM 01 email"]
[Site "FICGS email"]
[Date "2014.03.03"]
[Round "1"]
[White "Legrand, Stephane"]
[Black "Alcala, Alvin"]
[Result "1/2-1/2"]
[WhiteElo "2306"]
[BlackElo "2306"]
[PlyCount "52"]
[EventDate "2014.??.??"]
[EventType "tourn (corr)"]
[EventRounds "6"]
[EventCategory "1"]
[SourceTitle "Corr 2022"]
[Source "ChessBase"]
[SourceDate "2021.10.24"]
[SourceVersion "1"]
[SourceVersionDate "2021.10.24"]
[SourceQuality "1"]

1. d4 Nf6 2. c4 c6 3. Nf3 d5 4. Nc3 e6 5. e3 Nbd7 6. Qc2 Bd6 7. Be2 0-0 8. 0-0 dxc4 9. Bxc4 b5 10. Be2 a6 11. Rd1 Qc7 12. Ne4 Nxe4 13. Qxe4 Bb7 14. Bd3 g6 15. Qh4 c5 16. Ng5 h5 17. Ne4 Bxe4 18. Bxe4 Rac8 19. Bd2 Rfe8 20. Rac1 Be7 21. Qh3 Qb6 22. Qg3 h4 23. Qf4 cxd4 24. exd4 Nf6 25. Bf3 Nd5 26. Bxd5 exd5 1/2-1/2

[Event "FICGS W-ch st2 g03 email"]
[Site "FICGS email"]
[Date "2013.07.30"]
[Round "1"]
[White "Eldridge, Mark"]
[Black "Alcala, Alvin"]
[Result "1/2-1/2"]
[WhiteElo "2163"]
[BlackElo "2292"]
[PlyCount "73"]
[EventDate "2013.??.??"]
[EventType "tourn (corr)"]
[EventRounds "8"]
[SourceTitle "Corr 2022"]
[Source "ChessBase"]
[SourceDate "2021.10.24"]
[SourceVersion "1"]
[SourceVersionDate "2021.10.24"]
[SourceQuality "1"]

1. e4 c5 2. Nf3 d6 3. d4 cxd4 4. Nxd4 Nf6 5. Nc3 a6 6. Be3 e5 7. Nb3 Be7 8. f3 Be6 9. Qd2 0-0 10. 0-0-0 Nbd7 11. g4 b5 12. g5 Nh5 13. Nd5 Bxd5 14. exd5 f6 15. gxf6 Bxf6 16. Na5 Qe8 17. Bh3 Kh8 18. Be6 Nc5 19. Bxc5 dxc5 20. Kb1 Nf4 21. Bf5 Bd8 22. Be4 Bxa5 23. Qxa5 Qd8 24. Qxd8 Rfxd8 25. d6 Rab8 26. d7 Rb6 27. Rd2 Kg8 28. Rhd1 Kf7 29. Rd6 Rxd6 30. Rxd6 Ke7 31. Rxa6 Rxd7 32. b3 b4 33. Rc6 Rd1+ 34. Kb2 Ne6 35. Bxh7 Rh1 36. h3 g5 37. Be4 1/2-1/2

[Event "FICGS class M 000010 email"]
[Site "FICGS email"]
[Date "2013.05.27"]
[Round "1"]
[White "Alcala, Alvin"]
[Black "Legrand, Stephane"]
[Result "1/2-1/2"]
[WhiteElo "2274"]
[BlackElo "2306"]
[PlyCount "51"]
[EventDate "2013.??.??"]
[EventType "tourn (corr)"]
[EventRounds "1"]
[SourceTitle "Corr 2022"]
[Source "ChessBase"]
[SourceDate "2021.10.24"]
[SourceVersion "1"]
[SourceVersionDate "2021.10.24"]
[SourceQuality "1"]

1. c4 c5 2. Nf3 Nc6 3. d4 cxd4 4. Nxd4 Nf6 5. Nc3 e6 6. a3 Be7 7. e4 0-0 8. Nf3 Qc7 9. Bd3 b6 10. 0-0 Bb7 11. h3 d6 12. Be3 Ne5 13. Nxe5 dxe5 14. b4 Rfd8 15. Qc2 Rd7 16. Rfd1 Rad8 17. Nb5 Qb8 18. f3 Nh5 19. Bf2 Ba6 20. g3 Bxb5 21. cxb5 Qc8 22. Qxc8 Rxc8 23. Be2 Rdc7 24. Kg2 g6 25. Rd3 Kg7 26. Bd1 1/2-1/2

[Event "FICGS W-ch st1 gN 01 email"]
[Site "FICGS email"]
[Date "2012.11.01"]
[Round "1"]
[White "Dineen, Thomas"]
[Black "Alcala, Alvin"]
[Result "1/2-1/2"]
[WhiteElo "2158"]
[BlackElo "2237"]
[PlyCount "38"]
[EventDate "2012.??.??"]
[EventType "tourn (corr)"]
[EventRounds "6"]
[SourceTitle "Corr 2022"]
[Source "ChessBase"]
[SourceDate "2021.10.24"]
[SourceVersion "1"]
[SourceVersionDate "2021.10.24"]
[SourceQuality "1"]

1. d4 Nf6 2. c4 c6 3. Nc3 d5 4. e3 e6 5. Nf3 Nbd7 6. Qc2 Bd6 7. Bd3 0-0 8. 0-0 dxc4 9. Bxc4 a6 10. a4 c5 11. dxc5 Bxc5 12. Rd1 b6 13. b3 Bb7 14. Ne5 Qc7 15. Nxd7 Nxd7 16. Ne4 Be7 17. Bb2 Rfd8 18. Rac1 Rac8 19. Qb1 Qb8 1/2-1/2

[Event "FICGS W-ch st1 gN 01 email"]
[Site "FICGS email"]
[Date "2012.11.01"]
[Round "1"]
[White "Kolomytchenko, Igor"]
[Black "Alcala, Alvin"]
[Result "1/2-1/2"]
[WhiteElo "2215"]
[BlackElo "2237"]
[PlyCount "33"]
[EventDate "2012.??.??"]
[EventType "tourn (corr)"]
[EventRounds "6"]
[SourceTitle "Corr 2022"]
[Source "ChessBase"]
[SourceDate "2021.10.24"]
[SourceVersion "1"]
[SourceVersionDate "2021.10.24"]
[SourceQuality "1"]

1. e4 c5 2. Nf3 d6 3. d4 cxd4 4. Nxd4 Nf6 5. Nc3 a6 6. Be2 e5 7. Nb3 Be7 8. 0-0 0-0 9. Kh1 Nc6 10. f3 Nh5 11. g3 Nf6 12. Be3 Be6 13. Qd2 d5 14. exd5 Nxd5 15. Nxd5 Bxd5 16. Rad1 Be6 17. Bd3 1/2-1/2

[Event "FICGS class M 000058 email"]
[Site "FICGS email"]
[Date "2012.09.12"]
[Round "1"]
[White "Alcala, Alvin"]
[Black "Gazi, Miroslav"]
[Result "1/2-1/2"]
[WhiteElo "2246"]
[BlackElo "2217"]
[PlyCount "124"]
[EventDate "2012.??.??"]
[EventType "tourn (corr)"]
[EventRounds "6"]
[SourceTitle "Corr 2022"]
[Source "ChessBase"]
[SourceDate "2021.10.24"]
[SourceVersion "1"]
[SourceVersionDate "2021.10.24"]
[SourceQuality "1"]

1. Nf3 Nf6 2. c4 c5 3. Nc3 Nc6 4. d4 cxd4 5. Nxd4 e6 6. a3 Be7 7. e4 0-0 8. Nf3 Qc7 9. Bd3 b6 10. 0-0 Bb7 11. h3 d6 12. Be3 Ne5 13. Qe2 Nxd3 14. Qxd3 Rac8 15. b3 d5 16. exd5 exd5 17. Nxd5 Nxd5 18. cxd5 Rcd8 19. Rac1 Qb8 20. Ng5 g6 21. Qe4 Rd7 22. Qh4 h5 23. Bf4 Qd8 24. d6 Bxd6 25. Bxd6 Rxd6 26. Rfe1 Rd5 27. Nf3 Qxh4 28. Nxh4 Rd7 29. Rcd1 Rc7 30. Re3 Rfc8 31. Kh2 Rc2 32. Re7 Bc6 33. Kg1 Ra8 34. Rd6 Kf8 35. Rc7 Be4 36. Rcd7 Rc6 37. Rd4 Bc2 38. b4 Ba4 39. Rb7 Rf6 40. Rc7 Bc6 41. Rc4 Bd5 42. Rd4 Rc6 43. Rd7 Be6 44. Rb7 Ke8 45. Rd3 Bc8 46. Re3+ Kf8 47. Rbe7 a5 48. Nf3 Be6 49. Rb7 axb4 50. axb4 Bd5 51. Rd7 Ra1+ 52. Kh2 Rd1 53. Ne5 Rc2 54. Kg3 Rdd2 55. Ra3 g5 56. h4 gxh4+ 57. Kxh4 Be6 58. Rxd2 Rxd2 59. Ra6 Rxf2 60. Rxb6 Rxg2 61. Kxh5 Ke7 62. Rb7+ Kf6 1/2-1/2

[Event "FICGS class M 000058 email"]
[Site "FICGS email"]
[Date "2012.09.12"]
[Round "1"]
[White "Simmelink, Joop Theo"]
[Black "Alcala, Alvin"]
[Result "1/2-1/2"]
[WhiteElo "2207"]
[BlackElo "2246"]
[PlyCount "52"]
[EventDate "2012.??.??"]
[EventType "tourn (corr)"]
[EventRounds "6"]
[SourceTitle "Corr 2022"]
[Source "ChessBase"]
[SourceDate "2021.10.24"]
[SourceVersion "1"]
[SourceVersionDate "2021.10.24"]
[SourceQuality "1"]

1. e4 c5 2. Nf3 d6 3. d4 cxd4 4. Nxd4 Nf6 5. Nc3 a6 6. Bg5 e6 7. f4 Qb6 8. Qd2 Qxb2 9. Rb1 Qa3 10. e5 h6 11. Bh4 dxe5 12. fxe5 g5 13. exf6 gxh4 14. Be2 Qa5 15. 0-0 Nd7 16. Kh1 Qg5 17. Rf4 e5 18. Nd5 exd4 19. Qxd4 Kd8 20. Ne7 Qe5 21. Qd2 Bxe7 22. fxe7+ Qxe7 23. Bg4 f5 24. Bxf5 Rf8 25. Rd1 Qe5 26. Re1 Qg7 1/2-1/2

[Event "FICGS W-ch st2 g03 email"]
[Site "FICGS email"]
[Date "2012.01.12"]
[Round "1"]
[White "Alcala, Alvin"]
[Black "Drozel, Horst"]
[Result "1/2-1/2"]
[WhiteElo "2177"]
[BlackElo "1831"]
[PlyCount "107"]
[EventDate "2012.??.??"]
[EventType "tourn (corr)"]
[EventRounds "8"]
[SourceTitle "Corr 2022"]
[Source "ChessBase"]
[SourceDate "2021.10.24"]
[SourceVersion "1"]
[SourceVersionDate "2021.10.24"]
[SourceQuality "1"]

1. e4 c5 2. Nf3 d6 3. d4 cxd4 4. Nxd4 Nf6 5. Nc3 a6 6. f3 e5 7. Nb3 Be6 8. Be3 Be7 9. Qd2 0-0 10. 0-0-0 Nbd7 11. g4 b5 12. a3 Nb6 13. g5 Nh5 14. Na5 Rc8 15. Kb1 g6 16. h4 Ng3 17. Rh2 Nxf1 18. Rxf1 Na4 19. Nxa4 bxa4 20. Rd1 Qc7 21. h5 d5 22. exd5 Bxd5 23. hxg6 Be6 24. Rdh1 Rfd8 25. Qf2 Bxa3 26. gxh7+ Kh8 27. g6 fxg6 28. Bg5 Be7 29. Qh4 Bxg5 30. Qxg5 Rf8 31. Qxg6 Bf5 32. Qg5 Bxc2+ 33. Ka1 Qd8 34. Qg3 a3 35. Qxe5+ Qf6 36. Qxf6+ Rxf6 37. b3 Rxf3 38. Ka2 Be4 39. Rd1 Rc2+ 40. Rxc2 Bxc2 41. Rd6 Bd3 42. Nb7 Bxh7 43. Rxa6 Bg8 44. Nc5 Bxb3+ 45. Nxb3 Kg7 46. Kxa3 Kf7 47. Rd6 Rf6 48. Rd7+ Kg6 49. Nd4 Rb6 50. Nb3 Kf6 51. Kb2 Ke5 52. Kc3 Rc6+ 53. Kb4 Rc8 54. Nc5 1/2-1/2

[Event "FICGS W-ch st1 gN 04 email"]
[Site "FICGS email"]
[Date "2012.01.01"]
[Round "1"]
[White "Alcala, Alvin"]
[Black "Anderson, Peter W"]
[Result "1/2-1/2"]
[WhiteElo "2177"]
[BlackElo "2175"]
[PlyCount "47"]
[EventDate "2012.??.??"]
[EventType "tourn (corr)"]
[EventRounds "6"]
[SourceTitle "Corr 2022"]
[Source "ChessBase"]
[SourceDate "2021.10.24"]
[SourceVersion "1"]
[SourceVersionDate "2021.10.24"]
[SourceQuality "1"]

1. e4 g6 2. d4 Bg7 3. c4 d6 4. Nc3 e5 5. Nge2 exd4 6. Nxd4 Nc6 7. Be3 Nge7 8. h4 f5 9. h5 fxe4 10. Nxe4 Nf5 11. Bg5 Qd7 12. Nb5 a6 13. Nf6+ Bxf6 14. Bxf6 Qe6+ 15. Qe2 0-0 16. Qxe6+ Bxe6 17. Nxc7 Rac8 18. Nxe6 Rxf6 19. Ng5 Re8+ 20. Kd2 Ng7 21. f3 Nxh5 22. Ne4 Rfe6 23. Rd1 Nf6 24. Nxf6+ 1/2-1/2

[Event "FICGS W-ch st1 gN 04 email"]
[Site "FICGS email"]
[Date "2012.01.01"]
[Round "1"]
[White "Alcala, Alvin"]
[Black "Schroeder, Christoph"]
[Result "1/2-1/2"]
[WhiteElo "2177"]
[BlackElo "2243"]
[PlyCount "66"]
[EventDate "2012.??.??"]
[EventType "tourn (corr)"]
[EventRounds "6"]
[SourceTitle "Corr 2022"]
[Source "ChessBase"]
[SourceDate "2021.10.24"]
[SourceVersion "1"]
[SourceVersionDate "2021.10.24"]
[SourceQuality "1"]

1. e4 e5 2. Nf3 Nc6 3. Bb5 Nf6 4. 0-0 Nxe4 5. d4 Nd6 6. Bxc6 dxc6 7. dxe5 Nf5 8. Qxd8+ Kxd8 9. Nc3 Bd7 10. h3 Kc8 11. g4 Ne7 12. Ng5 Be8 13. f4 h6 14. Nf3 b6 15. f5 Kb7 16. Bf4 g6 17. f6 Nd5 18. Nxd5 cxd5 19. Rad1 Bc5+ 20. Kg2 Bc6 21. c3 a5 22. e6 g5 23. Bg3 fxe6 24. Nd4 Bd7 25. Rde1 Rae8 26. f7 Ref8 27. Nxe6 Bxe6 28. Rxe6 Rh7 29. Ref6 d4 30. R6f3 dxc3 31. bxc3 Kc6 32. c4 Kd7 33. Rf6 a4 1/2-1/2

[Event "FICGS class M 000053 email"]
[Site "FICGS email"]
[Date "2011.12.21"]
[Round "1"]
[White "Boehme, Sebastian"]
[Black "Alcala, Alvin"]
[Result "1-0"]
[WhiteElo "2374"]
[BlackElo "2203"]
[PlyCount "103"]
[EventDate "2011.??.??"]
[EventType "tourn (corr)"]
[EventRounds "6"]
[SourceTitle "Corr 2022"]
[Source "ChessBase"]
[SourceDate "2021.10.24"]
[SourceVersion "1"]
[SourceVersionDate "2021.10.24"]
[SourceQuality "1"]

1. e4 c5 2. Nf3 d6 3. d4 cxd4 4. Nxd4 Nf6 5. Nc3 a6 6. f3 e5 7. Nb3 Be6 8. Be3 h5 9. Qd2 Nbd7 10. Nd5 Nxd5 11. exd5 Bf5 12. Na5 Rb8 13. a4 Be7 14. Nc4 0-0 15. Be2 h4 16. a5 Bg6 17. Rg1 Rc8 18. g4 Nc5 19. g5 Rc7 20. b3 Bf5 21. 0-0-0 Re8 22. Qe1 Qd7 23. Nb6 Na4 24. Bd3 Nxb6 25. axb6 Rcc8 26. Qxh4 Rc3 27. Qa4 Qxa4 28. bxa4 Bg6 29. Kb2 Rec8 30. Rd2 Bxd3 31. cxd3 f5 32. gxf6 Bxf6 33. Bg5 Kf7 34. h4 g6 35. Bxf6 Kxf6 36. Rg5 a5 37. Rdg2 Rxd3 38. Rxg6+ Kf5 39. Rxd6 Rxf3 40. Rd7 Rc4 41. Rf7+ Ke4 42. Rxf3 Kxf3 43. Rg7 Rb4+ 44. Kc3 Rxb6 45. h5 e4 46. Rf7+ Ke3 47. Rf1 Rd6 48. Kc4 Kd2 49. Rf2+ Ke3 50. Rh2 Rh6 51. Kc5 b6+ 52. Kc4 1-0